[Event "Muensterland Regionalliga playoff 9-12"]
[Site "Germany"]
[Date "2023.05.06"]
[Round "2.2"]
[White "Schroer, Klaus"]
[Black "Poelstra, Ben"]
[Result "1-0"]
[WhiteElo "2036"]
[BlackElo "1998"]
[PlyCount "93"]
[EventDate "2022.03.18"]
[EventType "team-k.o."]
[EventRounds "2"]
[EventCountry "GER"]
[SourceTitle "EXT 2024"]
[Source "ChessBase"]
[SourceDate "2023.10.10"]
[SourceVersion "1"]
[SourceVersionDate "2023.10.10"]
[SourceQuality "1"]
[WhiteTeam "Borken"]
[BlackTeam "Metelen"]
[WhiteTeamCountry "GER"]
[BlackTeamCountry "GER"]

1. e4 e5 2. Bc4 Nf6 3. d4 exd4 4. Nf3 Nc6 5. 0-0 d6 6. Nxd4 Be7 7. Nc3 0-0 8. a4 Nxd4 9. Qxd4 Be6 10. Bxe6 fxe6 11. e5 Nd7 12. exd6 Bxd6 13. Be3 Kh8 14. Rad1 e5 15. Qd3 Nf6 16. Bg5 Qe8 17. Bxf6 Rxf6 18. Ne4 Rg6 19. b3 Qe6 20. Qd5 Qg4 21. Nxd6 cxd6 22. Qxb7 Rf8 23. Rd3 e4 24. Rg3 Qe2 25. Rxg6 hxg6 26. Qxa7 Qxc2 27. b4 d5 28. a5 Qd2 29. a6 Qxb4 30. Qb7 Qxb7 31. axb7 Kh7 32. Rb1 Rb8 33. Kf1 Kh6 34. Ke2 Kg5 35. Ke3 Kf5 36. Kd4 Ke6 37. Rb6+ Kd7 38. Kxd5 Kc7 39. Rb1 Rd8+ 40. Kxe4 Kb8 41. Rb2 Rd6 42. Kf4 Rf6+ 43. Kg5 Rd6 44. f4 Re6 45. h4 Rd6 46. g4 Rf6 47. Re2 1-0

[Event "Muensterland Regionalliga Gr1 2223"]
[Site "Germany"]
[Date "2023.01.14"]
[Round "5.3"]
[White "Poelstra, Ben"]
[Black "Lemli, Thomas"]
[Result "1-0"]
[WhiteElo "1996"]
[BlackElo "1976"]
[PlyCount "143"]
[EventDate "2022.09.03"]
[EventType "team-tourn"]
[EventRounds "7"]
[EventCountry "GER"]
[SourceTitle "EXT 2024"]
[Source "ChessBase"]
[SourceDate "2023.10.10"]
[SourceVersion "1"]
[SourceVersionDate "2023.10.10"]
[SourceQuality "1"]
[WhiteTeam "Metelen"]
[BlackTeam "Emsdetten Rochade"]
[WhiteTeamCountry "GER"]
[BlackTeamCountry "GER"]

1. e4 c6 2. d4 d5 3. exd5 cxd5 4. c4 Nf6 5. Nc3 Nc6 6. Nf3 a6 7. Bg5 Be6 8. c5 g6 9. Bxf6 exf6 10. Be2 Bg7 11. 0-0 0-0 12. Qd2 f5 13. Rfd1 Qf6 14. g3 Rad8 15. Rab1 g5 16. Qxg5 Qxg5 17. Nxg5 Bxd4 18. Bf3 Bf6 19. Nxe6 fxe6 20. Ne2 Rfe8 21. b4 Ne5 22. Bg2 Nc4 23. Nd4 Kf7 24. a4 Bxd4 25. Rxd4 Re7 26. f4 Kf6 27. Kf2 Rc8 28. Bf1 a5 29. Bxc4 dxc4 30. Rxc4 axb4 31. Rbxb4 Rec7 32. Rb5 h5 33. Ke3 h4 34. a5 hxg3 35. hxg3 Rg8 36. Kf2 Ra8 37. Rc3 Rd8 38. Rcb3 Rdd7 39. Kf3 Rg7 40. Re3 Rc6 41. Rb6 Rgc7 42. g4 fxg4+ 43. Kxg4 Rxb6 44. cxb6 Rc5 45. Re5 Rc4 46. Rb5 Ra4 47. Rh5 Ke7 48. Rh7+ Kd6 49. Rxb7 Rxa5 50. Ra7 Rb5 51. b7 Kc7 52. b8Q+ Kxb8 53. Ra6 Kc7 54. Rxe6 Kd7 55. f5 Rb1 56. Kg5 Rg1+ 57. Kf6 Rf1 58. Re5 Kd6 59. Re2 Kd7 60. Kg6 Rg1+ 61. Kf7 Kd6 62. f6 Kd7 63. Rd2+ Kc8 64. Kf8 Rg3 65. Rd6 Kc7 66. Rd4 Rg1 67. f7 Re1 68. Kg7 Rg1+ 69. Kf6 Rf1+ 70. Kg6 Kc8 71. Rd5 Kc7 72. Rf5 1-0

[Event "Hoogeveen Amateurs op 25th"]
[Site "Hoogeveen"]
[Date "2022.10.22"]
[Round "7.2"]
[White "Poelstra, Ben"]
[Black "Van der Werff, Frank"]
[Result "1-0"]
[WhiteElo "1888"]
[BlackElo "1942"]
[PlyCount "43"]
[EventDate "2022.10.15"]
[EventType "swiss"]
[EventRounds "7"]
[EventCountry "NED"]
[SourceTitle "CBM 210 Extra"]
[Source "ChessBase"]
[SourceDate "2022.11.30"]
[SourceVersion "1"]
[SourceVersionDate "2022.11.30"]
[SourceQuality "1"]

1. e4 c5 2. c3 d5 3. exd5 Qxd5 4. d4 Nc6 5. Nf3 Bf5 6. Be3 Nf6 7. Nbd2 cxd4 8. Bc4 Qd6 9. Nxd4 Nxd4 10. Bxd4 Be6 11. Qa4+ Nd7 12. Ne4 Qc6 13. Qxc6 bxc6 14. Bxe6 fxe6 15. Ng5 e5 16. Be3 h6 17. Nf3 e6 18. 0-0-0 Be7 19. Nd2 0-0 20. Nc4 Rfd8 21. Na5 Rac8 22. Nb7 1-0

[Event "Hoogeveen Amateurs op 25th"]
[Site "Hoogeveen"]
[Date "2022.10.18"]
[Round "4.4"]
[White "Bruggink, Tycho"]
[Black "Poelstra, Ben"]
[Result "1-0"]
[WhiteElo "1827"]
[BlackElo "1888"]
[PlyCount "89"]
[EventDate "2022.10.15"]
[EventType "swiss"]
[EventRounds "7"]
[EventCountry "NED"]
[SourceTitle "CBM 210 Extra"]
[Source "ChessBase"]
[SourceDate "2022.11.30"]
[SourceVersion "1"]
[SourceVersionDate "2022.11.30"]
[SourceQuality "1"]

1. e4 e5 2. Nf3 Nf6 3. Bc4 Nc6 4. Ng5 d5 5. exd5 Na5 6. Bb5+ c6 7. dxc6 bxc6 8. Be2 h6 9. Nf3 e4 10. Ne5 Bd6 11. d4 exd3 12. Nxd3 Qc7 13. b3 0-0 14. Bb2 Ne4 15. Nd2 Bf5 16. h3 Rfe8 17. 0-0 Rad8 18. Re1 Bb4 19. Nxe4 Bxe1 20. Qxe1 Bxe4 21. Qc3 f6 22. Nc5 Bd5 23. Bh5 Bf7 24. Bf3 Qe5 25. Qxe5 fxe5 26. Bc3 e4 27. Bxe4 Rxe4 28. Nxe4 Nb7 29. f3 Bd5 30. Kf2 Kf7 31. Re1 Nd6 32. Ng3 g6 33. Bb4 Be6 34. Bxd6 Rxd6 35. Ke2 c5 36. Ne4 Rc6 37. c4 Ra6 38. Nc3 g5 39. Rd1 h5 40. g4 hxg4 41. hxg4 Kf6 42. Rd2 Ke5 43. Ke3 Bc8 44. Ne4 Rh6 45. Rd5+ 1-0

[Event "Muensterland Regionalliga 1920"]
[Site "Germany"]
[Date "2019.11.30"]
[Round "4.3"]
[White "Poelstra, Ben"]
[Black "Nolting, Bodo"]
[Result "1-0"]
[WhiteElo "2008"]
[BlackElo "1726"]
[PlyCount "119"]
[EventDate "2019.09.07"]
[EventType "team-tourn"]
[EventRounds "7"]
[EventCountry "GER"]
[SourceTitle "EXT 2023"]
[Source "ChessBase"]
[SourceDate "2022.10.05"]
[SourceVersion "1"]
[SourceVersionDate "2022.10.05"]
[SourceQuality "1"]
[WhiteTeam "Metelen"]
[BlackTeam "Duelmen"]
[WhiteTeamCountry "GER"]
[BlackTeamCountry "GER"]

1. e4 e5 2. Nf3 Nf6 3. Nc3 Nc6 4. d4 exd4 5. Nxd4 Bb4 6. Nxc6 bxc6 7. Bd3 d5 8. exd5 cxd5 9. 0-0 0-0 10. Bg5 Be6 11. Qf3 h6 12. Bxf6 Qxf6 13. Qxf6 gxf6 14. Ne2 c5 15. c3 Ba5 16. Nf4 Rab8 17. Rab1 c4 18. Bc2 Rb6 19. Rfd1 Rfb8 20. b4 cxb3 21. Bxb3 Bxc3 22. Nxd5 Bxd5 23. Rxd5 R6b7 24. Rbd1 a5 25. g3 Rxb3 26. axb3 Rxb3 27. R5d3 a4 28. Rc1 Be5 29. Rxb3 axb3 30. Rc5 b2 31. Rb5 Kg7 32. f4 Bd4+ 33. Kf1 f5 34. Ke2 Kg6 35. Kd3 Bf6 36. Kc2 h5 37. h3 Bd4 38. Rd5 Bf6 39. Rd6 Kg7 40. Rc6 Kg6 41. Rb6 Kg7 42. Rb5 Kg6 43. Rd5 Bg7 44. Rd6+ Bf6 45. Rb6 Kg7 46. Kd3 Kg6 47. Rb5 Bg7 48. Kc4 Bf6 49. Kd5 Bc3 50. Rb6+ Kg7 51. Kd6 Bf6 52. Kd7 Bd4 53. Rb7 Kf8 54. Rb8+ Kg7 55. Ke8 Kg6 56. Kf8 f6 57. Ke7 Bf2 58. Rb3 Bd4 59. Ke6 Bf2 60. Kd5 1-0

[Event "Paris-ch op-B 87th"]
[Site "Paris"]
[Date "2012.07.12"]
[Round "6"]
[White "Valenti, Richard"]
[Black "Poelstra, Ben"]
[Result "1/2-1/2"]
[WhiteElo "2149"]
[BlackElo "2041"]
[PlyCount "53"]
[EventDate "2012.07.07"]
[EventType "swiss"]
[EventRounds "9"]
[EventCountry "FRA"]
[SourceTitle "EXT 2013"]
[Source "ChessBase"]
[SourceDate "2012.11.22"]
[SourceVersion "1"]
[SourceVersionDate "2012.11.22"]
[SourceQuality "1"]

1. e4 e5 2. Nc3 Nf6 3. f4 d5 4. fxe5 Nxe4 5. Nf3 Be7 6. Qe2 Nxc3 7. dxc3 Be6 8. Bf4 c6 9. 0-0-0 Qa5 10. a3 Nd7 11. Nd4 Nc5 12. Qe3 0-0 13. Bd3 Nxd3+ 14. Qxd3 c5 15. Nf5 Bxf5 16. Qxf5 Rad8 17. Rd3 Qb6 18. Rhd1 Qe6 19. Qh3 Rd7 20. Rg3 Qxh3 21. Rxh3 Re8 22. Rhd3 Red8 23. c4 d4 24. c3 Kf8 25. Be3 Ke8 26. cxd4 cxd4 27. Bg1 1/2-1/2

[Event "Paris-ch op-B 87th"]
[Site "Paris"]
[Date "2012.07.11"]
[Round "5"]
[White "Poelstra, Ben"]
[Black "Inouss, Badr"]
[Result "1-0"]
[WhiteElo "2041"]
[BlackElo "1942"]
[PlyCount "104"]
[EventDate "2012.07.07"]
[EventType "swiss"]
[EventRounds "9"]
[EventCountry "FRA"]
[SourceTitle "EXT 2013"]
[Source "ChessBase"]
[SourceDate "2012.11.22"]
[SourceVersion "1"]
[SourceVersionDate "2012.11.22"]
[SourceQuality "1"]

1. e4 c5 2. Nf3 d6 3. d4 cxd4 4. Nxd4 Nf6 5. Nc3 g6 6. Be3 Bg7 7. f3 0-0 8. Qd2 Nc6 9. Bc4 Bd7 10. 0-0-0 Qa5 11. Nb3 Qc7 12. Nb5 Qb8 13. g4 Ne5 14. Qe2 Nxe4 15. fxe4 Bxg4 16. Qf1 Bxd1 17. Kxd1 Nxc4 18. Qxc4 Bxb2 19. Bd4 Bxd4 20. N5xd4 e5 21. Ne2 b5 22. Qd5 b4 23. Rf1 Qc7 24. Rf3 a5 25. Nbc1 Ra6 26. c3 Rc8 27. cxb4 axb4 28. Ke1 Ra5 29. Qd2 Qc4 30. Qd3 Ra3 31. Qxc4 Rxc4 32. Rf6 Ra6 33. Rf3 Rxe4 34. Kd2 f5 35. Rd3 Kf7 36. Kc2 Ke6 37. Kb2 h5 38. Ng1 Rc4 39. Rg3 Kf6 40. Nf3 Rac6 41. Rg1 Rc2+ 42. Kb1 Rf2 43. Ne1 Rxh2 44. Ncd3 Rc4 45. Nf3 Rh3 46. Nfe1 g5 47. Nf2 Rh2 48. Nd1 Re2 49. Nb2 Rg4 50. Rf1 h4 51. Nbd3 Rd4 52. Nc1 Rxe1 1-0

[Event "Hoogeveen Unive op 15th"]
[Site "Hoogeveen"]
[Date "2011.10.16"]
[Round "3"]
[White "Cox, Jan"]
[Black "Poelstra, Ben"]
[Result "0-1"]
[WhiteElo "2008"]
[BlackElo "2102"]
[PlyCount "98"]
[EventDate "2011.10.14"]
[EventType "swiss"]
[EventRounds "9"]
[EventCountry "NED"]
[SourceTitle "CBM 144 Extra"]
[Source "ChessBase"]
[SourceDate "2011.10.28"]
[SourceVersion "1"]
[SourceVersionDate "2011.10.28"]
[SourceQuality "1"]

1. e4 e5 2. Nf3 Nf6 3. Nxe5 d6 4. Nxf7 Kxf7 5. d4 Be7 6. Nc3 Re8 7. Bc4+ Kf8 8. 0-0 c5 9. d5 Nbd7 10. f4 Nb6 11. Bb5 Bd7 12. Bxd7 Nfxd7 13. e5 Kg8 14. e6 Nf8 15. g4 Bf6 16. g5 Bd4+ 17. Kh1 Nxe6 18. dxe6 Rxe6 19. Nb5 Qd7 20. Nxd4 cxd4 21. Qf3 Rae8 22. f5 Re1 23. Bd2 Rxa1 24. Rxa1 Qc6 25. Rf1 Re2 26. Bf4 Rxc2 27. Qxc6 Rxc6 28. h4 Nc4 29. Rd1 Ne3 30. Bxe3 dxe3 31. Re1 Rc4 32. Kg2 Rxh4 33. Kf3 d5 34. Rxe3 Rh3+ 35. Kf4 Rxe3 36. Kxe3 h5 37. gxh6 gxh6 38. Kd4 Kf7 39. Kxd5 Kf6 40. Ke4 a5 41. Kf4 b5 42. b3 h5 43. a3 b4 44. a4 h4 45. Kg4 h3 46. Kxh3 Kxf5 47. Kg3 Ke4 48. Kf2 Kd3 49. Ke1 Kc2 0-1

[Event "Hoogeveen Unive op 15th"]
[Site "Hoogeveen"]
[Date "2011.10.15"]
[Round "2"]
[White "Poelstra, Ben"]
[Black "Gieben, Stijn"]
[Result "0-1"]
[WhiteElo "2102"]
[BlackElo "1940"]
[PlyCount "56"]
[EventDate "2011.10.14"]
[EventType "swiss"]
[EventRounds "9"]
[EventCountry "NED"]
[SourceTitle "CBM 144 Extra"]
[Source "ChessBase"]
[SourceDate "2011.10.28"]
[SourceVersion "1"]
[SourceVersionDate "2011.10.28"]
[SourceQuality "1"]

1. e4 c5 2. c3 Nf6 3. e5 Nd5 4. d4 cxd4 5. cxd4 d6 6. Nf3 Nc6 7. exd6 Qxd6 8. Nc3 Nxc3 9. bxc3 g6 10. Bc4 Bg7 11. 0-0 0-0 12. a4 Bg4 13. h3 Bxf3 14. Qxf3 Nxd4 15. Qxb7 Nc6 16. Ba3 Rab8 17. Qa6 Qc7 18. Bd5 Ne5 19. Rab1 Bf6 20. c4 Nd3 21. Rb5 Bd4 22. Rxb8 Rxb8 23. c5 Nxf2 24. Bxf7+ Kg7 25. Qc4 Qf4 26. Rc1 Nxh3+ 27. Kh1 Nf2+ 28. Kg1 Ng4+ 0-1

[Event "Hoogeveen Unive op"]
[Site "Hoogeveen"]
[Date "2010.10.26"]
[Round "5"]
[White "Klapwijk, Bram"]
[Black "Poelstra, Ben"]
[Result "1-0"]
[WhiteElo "2022"]
[BlackElo "2148"]
[PlyCount "101"]
[EventDate "2010.10.22"]
[EventType "swiss"]
[EventRounds "9"]
[EventCountry "NED"]
[SourceTitle "EXT 2011"]
[Source "ChessBase"]
[SourceDate "2010.11.26"]
[SourceVersion "1"]
[SourceVersionDate "2010.11.26"]
[SourceQuality "1"]

1. e4 e5 2. Nf3 Nf6 3. Nc3 Nc6 4. d4 exd4 5. Nd5 Be7 6. Bf4 d6 7. Nxd4 Nxd4 8. Qxd4 Nxd5 9. exd5 0-0 10. 0-0-0 Bf6 11. Qd2 Bf5 12. Bd3 Bxd3 13. Qxd3 Qd7 14. f3 Qa4 15. Be3 Qxa2 16. c3 Rfe8 17. g4 g6 18. Kc2 Qa4+ 19. Kb1 Re7 20. h4 Rae8 21. Bc1 b5 22. h5 Qc4 23. Qxc4 bxc4 24. hxg6 fxg6 25. g5 Bg7 26. Rh4 Rf8 27. Rxc4 Rxf3 28. Ra4 Be5 29. Rxa7 Bf4 30. Bd2 Bxd2 31. Rxd2 Rf5 32. b4 Rxg5 33. Rb7 h5 34. c4 Rf5 35. c5 Rff7 36. c6 h4 37. b5 h3 38. Rh2 Re3 39. b6 Rb3+ 40. Kc2 Rxb6 41. Rxb6 cxb6 42. Rxh3 Kg7 43. Kc3 g5 44. Kc4 Ra7 45. Kb5 Ra5+ 46. Kxb6 Rxd5 47. Rc3 Re5 48. c7 Re8 49. Rd3 g4 50. Rxd6 g3 51. Rd3 1-0

[Event "Paris-ch op-A"]
[Site "Paris"]
[Date "2010.07.05"]
[Round "3"]
[White "Poelstra, Ben"]
[Black "Peric, Slavisa"]
[Result "1/2-1/2"]
[WhiteElo "2117"]
[BlackElo "2215"]
[PlyCount "133"]
[EventDate "2010.07.03"]
[EventType "swiss"]
[EventRounds "9"]
[EventCountry "FRA"]
[SourceTitle "CBM 137 Extra"]
[Source "ChessBase"]
[SourceDate "2010.09.01"]
[SourceVersion "1"]
[SourceVersionDate "2010.09.01"]
[SourceQuality "1"]

1. e4 e6 2. d4 d5 3. e5 c5 4. c3 Nc6 5. Nf3 Bd7 6. a3 Nge7 7. Bd3 cxd4 8. cxd4 Qb6 9. Bc2 Nf5 10. Bxf5 exf5 11. Nc3 Be6 12. 0-0 Be7 13. b4 a5 14. b5 Na7 15. Rb1 0-0 16. Qb3 Qd8 17. a4 Nc8 18. Ba3 Nb6 19. Bxe7 Qxe7 20. Nd2 Rfc8 21. Rbc1 Rc7 22. Ne2 Rac8 23. Rxc7 Rxc7 24. f4 f6 25. Rc1 Rxc1+ 26. Nxc1 fxe5 27. fxe5 Qg5 28. Qd3 Nxa4 29. Ne2 Qe7 30. Qb3 Qb4 31. Qxb4 axb4 32. Nf4 Kf7 33. Nd3 b6 34. Kf2 Nc3 35. Nxb4 Nxb5 36. Nf3 h6 37. g3 g5 38. Ke3 Nc7 39. h4 Kg6 40. hxg5 hxg5 41. Ng1 Kh5 42. Kf3 b5 43. Ne2 f4 44. Nc3 fxg3 45. Kxg3 Kg6 46. Ne2 Kf7 47. Nc3 Ke7 48. Ne2 Kf8 49. Nc3 Kg7 50. Nd1 Kh6 51. Ne3 Kh5 52. Ng2 Ne8 53. Ne3 Ng7 54. Kf3 Kh4 55. Nbxd5 Bxd5+ 56. Nxd5 g4+ 57. Ke4 Ne6 58. Ne3 b4 59. d5 b3 60. Kd3 Nc5+ 61. Kc3 Kg5 62. Nxg4 Kxg4 63. e6 Kf5 64. e7 Ne4+ 65. Kxb3 Nd6 66. Kb4 Kf6 67. Kc5 1/2-1/2

[Event "Paris-ch op-A"]
[Site "Paris"]
[Date "2010.07.04"]
[Round "2"]
[White "Sainte Marie, Laurent"]
[Black "Poelstra, Ben"]
[Result "0-1"]
[WhiteElo "2000"]
[BlackElo "2117"]
[PlyCount "46"]
[EventDate "2010.07.03"]
[EventType "swiss"]
[EventRounds "9"]
[EventCountry "FRA"]
[SourceTitle "CBM 137 Extra"]
[Source "ChessBase"]
[SourceDate "2010.09.01"]
[SourceVersion "1"]
[SourceVersionDate "2010.09.01"]
[SourceQuality "1"]

1. Nf3 Nf6 2. c4 e6 3. d4 b6 4. Bg5 Bb7 5. e3 h6 6. Bxf6 Qxf6 7. a3 d6 8. Nbd2 g5 9. h3 Nd7 10. Qc2 Bg7 11. 0-0-0 0-0-0 12. Bd3 Qe7 13. Be4 f5 14. Bxb7+ Kxb7 15. b4 c5 16. Nb3 Rhf8 17. dxc5 dxc5 18. Rxd7+ Rxd7 19. bxc5 bxc5 20. e4 Rfd8 21. exf5 Rd3 22. Re1 Rc3 23. Na5+ Kc7 0-1

[Event "Paris-ch op-A"]
[Site "Paris"]
[Date "2009.07.08"]
[Round "5"]
[White "Poelstra, Ben"]
[Black "Mondoloni, Jean Michel"]
[Result "0-1"]
[WhiteElo "2116"]
[BlackElo "2260"]
[PlyCount "36"]
[EventDate "2009.07.04"]
[EventType "swiss"]
[EventRounds "9"]
[EventCountry "FRA"]
[SourceTitle "EXT 2010"]
[Source "ChessBase"]
[SourceDate "2010.11.25"]
[SourceVersion "1"]
[SourceVersionDate "2010.11.25"]
[SourceQuality "1"]

1. e4 c5 2. c3 Nf6 3. e5 Nd5 4. d4 cxd4 5. cxd4 d6 6. Nf3 Nc6 7. Bc4 Nb6 8. Bxf7+ Kxf7 9. Ng5+ Kg8 10. e6 Qe8 11. Qf3 g6 12. d5 Nb4 13. Nc3 Nc2+ 14. Kd1 Nxa1 15. Nb5 Bg7 16. b3 Nxd5 17. Qxd5 Qc6 18. Nc7 Qxc7 0-1